<?xml version="1.0" encoding="UTF-8"?><?xml-stylesheet type="text/xsl" href="static/style.xsl"?><OAI-PMH xmlns="http://www.openarchives.org/OAI/2.0/" xmlns:xsi="http://www.w3.org/2001/XMLSchema-instance" xsi:schemaLocation="http://www.openarchives.org/OAI/2.0/ http://www.openarchives.org/OAI/2.0/OAI-PMH.xsd"><responseDate>2026-05-01T09:46:22Z</responseDate><request verb="GetRecord" identifier="oai:riubu.ubu.es:10259/3934" metadataPrefix="marc">https://riubu.ubu.es/oai/request</request><GetRecord><record><header><identifier>oai:riubu.ubu.es:10259/3934</identifier><datestamp>2024-05-13T07:59:05Z</datestamp><setSpec>com_10259_3830</setSpec><setSpec>com_10259_5086</setSpec><setSpec>com_10259_2604</setSpec><setSpec>col_10259_3832</setSpec></header><metadata><record xmlns="http://www.loc.gov/MARC21/slim" xmlns:doc="http://www.lyncode.com/xoai" xmlns:xsi="http://www.w3.org/2001/XMLSchema-instance" xmlns:dcterms="http://purl.org/dc/terms/" xsi:schemaLocation="http://www.loc.gov/MARC21/slim http://www.loc.gov/standards/marcxml/schema/MARC21slim.xsd">
<leader>00925njm 22002777a 4500</leader>
<datafield tag="042" ind1=" " ind2=" ">
<subfield code="a">dc</subfield>
</datafield>
<datafield tag="720" ind1=" " ind2=" ">
<subfield code="a">Hernández, Cesáreo</subfield>
<subfield code="e">author</subfield>
</datafield>
<datafield tag="720" ind1=" " ind2=" ">
<subfield code="a">Galán Ordax, José Manuel</subfield>
<subfield code="e">author</subfield>
</datafield>
<datafield tag="720" ind1=" " ind2=" ">
<subfield code="a">López Paredes, Adolfo</subfield>
<subfield code="e">author</subfield>
</datafield>
<datafield tag="720" ind1=" " ind2=" ">
<subfield code="a">Olmo Martínez, Ricardo del</subfield>
<subfield code="e">author</subfield>
</datafield>
<datafield tag="260" ind1=" " ind2=" ">
<subfield code="c">2014-09</subfield>
</datafield>
<datafield tag="520" ind1=" " ind2=" ">
<subfield code="a">La dimensión social de la Economía le confiere una complejidad que es muy difícil de formalizar en un conjunto de ecuaciones algebraicas. La aproximación de la Economía Experimental (EE) y la de su extensión de la Economía Artificial (EA) con modelos basados en agentes artificiales&#xd;
(ABM), permiten recoger parte de esa complejidad cuando el intercambio es impersonal. En este artículo&#xd;
analizamos desde la EA el paradigmático ejemplo de la subasta doble continua (CDA) y su dinámica social con diferentes tipos de agentes. Los resultados obtenidos con sociedades artificiales, no sólo son&#xd;
relevantes para explicar los mecanismos de la institución, sino que el propio mercado puede ser un vehículo para resolver problemas de gestión de la empresa y de elección y escasez de complejidad nphard.&#xd;
Para ilustrarlo empleamos un ejemplo basado en la aplicación de subastas combinatorias:&#xd;
mediante la programación basada en mercados se puede realizar la asignación de slots de recursos en problemas de gestión de carteras de proyectos</subfield>
</datafield>
<datafield tag="024" ind2=" " ind1="8">
<subfield code="a">0213-862X</subfield>
</datafield>
<datafield tag="024" ind2=" " ind1="8">
<subfield code="a">http://hdl.handle.net/10259/3934</subfield>
</datafield>
<datafield tag="245" ind1="0" ind2="0">
<subfield code="a">Economía artificial: métodos de inspiración social en la resolución de problemas complejos</subfield>
</datafield>
</record></metadata></record></GetRecord></OAI-PMH>